Godard polémico
Kaydedildi:
| Yazar: | |
|---|---|
| Materyal Türü: | Kitap |
| Dil: | İspanyolca |
| Baskı/Yayın Bilgisi: |
Barcelona
Tusquets
1974
|
| Edisyon: | 2a. ed |
| Seri Bilgileri: | Cuadernos Infimos, 4
|
| Konular: | |
| Etiketler: |
Etiketle
Etiket eklenmemiş, İlk siz ekleyin!
|
MARC
| LEADER | 00000nam a2200000 a 4500 | ||
|---|---|---|---|
| 001 | UCO4980 | ||
| 003 | CL-VaPUC | ||
| 008 | 000825e19740000SP |||||||||||||||||spa|d | ||
| 082 | 0 | 4 | |a 791.4309 |b GUB |2 21 |
| 100 | |a Gubern, Román |e autor |9 495808 | ||
| 245 | 1 | 0 | |a Godard polémico |
| 250 | |a 2a. ed | ||
| 300 | |a 127 p | ||
| 942 | |c BK | ||
| 945 | |d 20000825 00:00:00 |a crobeson | ||
| 260 | |a Barcelona |b Tusquets |c 1974 | ||
| 600 | 0 | |a Godard, Jean-Luc |d 1930- |9 266414 | |
| 650 | 0 | |a Directores de cine |9 368705 | |
| 650 | 7 | |a REALIZADORES CINEMATOGRAFICOS |2 CL-VaPUC |9 355120 | |
| 650 | 7 | |a CINE FRANCES |2 CL-VaPUC |9 413098 | |
| 583 | |a last modification |c 20171130 17:22:51 |k Rodrigo Vera | ||
| 490 | 0 | |a Cuadernos Infimos, 4 | |
| 999 | |c 290938 |d 290936 | ||
| 952 | |0 0 |1 0 |4 0 |6 791_430900000000000_GUB_1974 |7 0 |8 R |9 340568 |a BIBART |b BIBART |d 2019-11-20 |i 1217623 |o 791.4309 GUB 1974 |p 1217623 |r 2025-03-13 |w 2019-11-20 |y BK_R |k ART | ||